| 000 | 01230nam a22002657a 4500 | ||
|---|---|---|---|
| 003 | UA-OsUOA | ||
| 001 | 136125 | ||
| 007 | ta | ||
| 008 | 20190307b un ||||| |||| 00| 0 ukr d | ||
| 100 | _aЧернюх Б. | ||
| 090 |
_a811.124 _bЧ-49 |
||
| 942 | _cBK | ||
| 040 |
_aUA-OsUOA _bukr _cUA-OsUOA _dUA-OsUOA |
||
| 245 |
_aЛатинське дієслово _bмонографія |
||
| 300 | _a488 с. | ||
| 955 | _a1 | ||
| 041 | _aukr | ||
| 080 | _a811.124 | ||
| 020 | _a978-617-10-0366-8 | ||
| 520 | 3 | _aЗміст1. Теоретичні сонови дослідження аспектуальності в латинсьткій мові2. Граматичні засоби вираження аспектуальних значень3. Морфологічні маркери аспектуальності у латинській мові4. Організація функціонально-семантичного поля аспектуальності | |
| 520 | 3 | _aу латинській мові | |
| 260 |
_aЛьвів _bЛНУ ім. Івана Франка _c2017 |
||
| 650 | 7 |
_a8 Мовознавство. Художня література. Літературознавство _2UDC |
|
| 999 |
_c416479 _d416479 |
||